|
|
|
|
| LEADER |
00000nam0a2200000 4500 |
| 001 |
184379 |
| 005 |
20231031172211.0 |
| 010 |
|
|
|a 5020272132
|
| 035 |
|
|
|a (RuTPU)RU\TPU\book\199959
|
| 090 |
|
|
|a 184379
|
| 100 |
|
|
|a 20100906d1988 m y0rusy50 ca
|
| 101 |
0 |
|
|a rus
|
| 102 |
|
|
|a RU
|
| 105 |
|
|
|a a z 001zy
|
| 200 |
1 |
|
|a Книгоиздательская деятельность Петербургской Академии Наук и М. В. Ломоносов
|f Д. В. Тюличев
|g Академия наук СССР (АН СССР), Библиотека (БАН)
|
| 210 |
|
|
|a Ленинград
|c Наука
|d 1988
|
| 215 |
|
|
|a 280 с.
|c табл.
|
| 320 |
|
|
|a Библиогр. работ Д. В. Тюличева: с. 277-278.
|
| 600 |
|
1 |
|a Ломоносов
|g Михаил Васильевич
|b М. В.
|c ученый-естествоиспытатель, поэт, историк, художник, деятель просвещения, науки и экономики
|f 1711-1765
|2 stltpush
|3 (RuTPU)RU\TPU\pers\975
|
| 610 |
1 |
|
|a книгоиздательская деятельность
|
| 610 |
1 |
|
|a Петербургская Академия наук
|
| 610 |
1 |
|
|a развитие
|
| 610 |
1 |
|
|a 18 век
|
| 610 |
1 |
|
|a история книги
|
| 610 |
1 |
|
|a история
|
| 686 |
|
|
|a Ч617.3
|v LBC/SL-A
|2 rubbk
|
| 700 |
|
1 |
|a Тюличев
|b Д. В.
|g Дмитрий Васильевич
|
| 712 |
0 |
2 |
|a Академия наук СССР (АН СССР)
|b Библиотека (БАН)
|c (Ленинград)
|2 stltpush
|3 (RuTPU)RU\TPU\col\343
|
| 801 |
|
1 |
|a RU
|b 63413507
|c 20100906
|
| 801 |
|
2 |
|a RU
|b 63413507
|c 20160126
|g RCR
|
| 942 |
|
|
|c BK
|